Halogens Elements - Statistics

General Stats
  • This quiz has been taken 21 times
  • The average score is 5 of 6
Answer Stats
Atomic Number Element Symbol % Correct
9 Flourine F
100%
35 Bromine Br
94%
17 Chlorine Cl
94%
53 Iodine I
88%
85 Astatine At
59%
117 Tennessine Ts
24%
No matching quizzes found
Score Distribution
Percent of People with Each Score
Percentile by Number Answered
Your Score History
You have not taken this quiz